[Event "Cadillac Open/3/21"]
[Site "?"]
[Date "1996.??.??"]
[Round "?"]
[White "Williams, Claude"]
[Black "Nikitin, Matt"]
[Result "1-0"]
[WhiteElo "1605"]
[BlackElo "1605"]
[PlyCount "91"]
[EventDate "1996.??.??"]

{3/21} 1. e4 e5 2. Bc4 Nf6 3. d3 Nc6 4. Nc3 Bc5 5. f4 d6 6. Nf3 Ng4 7. Ng5 Nf2
8. Bxf7+ Ke7 9. Nd5+ Kd7 10. Qf3 Qf8 11. Rf1 h6 12. Be6+ Ke8 13. Nxc7+ Ke7 14.
Nxa8 hxg5 15. f5 Bxe6 16. Bxg5+ Kd7 17. fxe6+ Kxe6 18. Qg4+ Kf7 19. Qf5+ Kg8
20. Qxf8+ Kxf8 21. h4 Nb4 22. Kd2 Kf7 23. Nc7 Rc8 24. Nb5 Ke6 25. a3 Nc6 26. b4
Nxe4+ 27. dxe4 Bd4 28. c3 a6 29. Nxd4+ exd4 30. c4 a5 31. b5 Ne5 32. Rac1 Nxc4+
33. Kd3 d5 34. Kxd4 Nd6 35. exd5+ Kd7 36. Rfe1 Nxb5+ 37. Kd3 Rxc1 38. Rxc1 Nxa3
39. Ra1 Nb5 40. Rxa5 Nc7 41. Kd4 Kd6 42. Bf4+ Kd7 43. Bxc7 Kxc7 44. Ra1 Kd6 45.
g4 b5 46. Rb1 1-0

[Event "Kalamazoo (Mini-Swiss.3/3)"]
[Site "?"]
[Date "1996.??.??"]
[Round "?"]
[White "Williams, Claude"]
[Black "Krzyston, Joe"]
[Result "1-0"]
[WhiteElo "1605"]
[BlackElo "1605"]
[PlyCount "76"]
[EventDate "1996.??.??"]

{3/(3)} 1. e4 g5 2. d4 h6 3. Bc4 c5 4. d5 Bg7 5. c3 d6 6. Nd2 Nf6 7. Ngf3 g4 8.
Nh4 a6 9. a4 Nbd7 10. Nf5 Bf8 11. Bb3 Ne5 12. Bc2 c4 13. b3 Nd3+ 14. Bxd3 cxd3
15. Nc4 Bxf5 16. exf5 Bg7 17. Qxd3 Rc8 18. Bb2 Rc5 19. Ne3 h5 20. b4 Rc7 21. c4
Rg8 22. a5 g3 23. hxg3 Bh6 24. Ke2 Kd7 25. Bd4 Ng4 26. Rxh5 Bxe3 27. fxe3 Nf6
28. Rh3 Rg7 29. Rc1 Rg4 30. Bb6 Qb8 31. Bxc7 Qxc7 32. c5 Qb8 33. c6+ bxc6 34.
dxc6+ Ke8 35. Qxa6 Nd5 36. Qb7 Qxb7 37. cxb7 f6 38. Rc8+ Kf7 1-0

[Event "Lansing (MOR/7/31)"]
[Site "?"]
[Date "1996.??.??"]
[Round "?"]
[White "Williams, Claude"]
[Black "Hill, M."]
[Result "1-0"]
[WhiteElo "1605"]
[BlackElo "1605"]
[PlyCount "111"]
[EventDate "1996.??.??"]

{7/(31)} 1. e4 g6 2. d4 Bg7 3. Nf3 c6 4. Bf4 d5 5. e5 f6 6. Bd3 Bg4 7. Nbd2 Nd7
8. h3 fxe5 9. dxe5 Bxf3 10. Nxf3 e6 11. Qd2 Qc7 12. Qe2 Ne7 13. O-O O-O-O 14.
Nd4 Nf8 15. b4 Qb6 16. c3 c5 17. bxc5 Qxc5 18. Be3 Qa5 19. Bd2 Nc6 20. Nxc6
bxc6 21. Rfc1 Qc7 22. Rab1 Kd7 23. Rb3 Rb8 24. Rxb8 Qxb8 25. Rb1 Qxe5 26. Rb7+
Kd6 27. Qf3 Qf6 28. Qxf6 Bxf6 29. Rxa7 Nd7 30. Bc2 Rb8 31. Bd3 Rb5 32. Bxb5
cxb5 33. Kf1 g5 34. g4 h6 35. Ke2 Nc5 36. f3 Nd7 37. Ra8 Nc5 38. Rg8 Na4 39.
Kd3 Nb2+ 40. Kc2 Nc4 41. Rg6 Ke7 42. Rxh6 Kf7 43. f4 Kg7 44. fxg5 Nxd2 45. Rxf6
Ne4 46. Rxe6 Nxg5 47. Re2 Ne4 48. Rxe4 dxe4 49. Kd2 Kf6 50. Ke3 Ke5 51. h4 Kd5
52. h5 Kc4 53. h6 Kxc3 54. h7 Kb2 55. h8=Q+ Ka3 56. Kxe4 1-0

[Event "Cadillac Open/1b/4"]
[Site "?"]
[Date "1996.??.??"]
[Round "?"]
[White "Williams, Claude"]
[Black "Gabbara, Faris"]
[Result "0-1"]
[WhiteElo "1605"]
[BlackElo "2200"]
[PlyCount "80"]
[EventDate "1996.??.??"]

1. e4 c5 2. Nc3 e6 3. f4 Nc6 4. Nf3 a6 5. a4 d5 6. e5 Nge7 7. d3 Rb8 8. b3 Nf5
9. Ne2 d4 10. c3 dxc3 11. Nxc3 Nfd4 12. Be3 Qa5 13. Bd2 Qb6 14. Rb1 Be7 15. Ne2
Nxf3+ 16. gxf3 Bh4+ 17. Ng3 Nd4 18. Be3 Qd8 19. Bg2 b5 20. O-O Bxg3 21. hxg3
Bb7 22. Qd2 Bc6 23. Rfc1 Qd5 24. Bxd4 Qxd4+ 25. Kh2 Rd8 26. Qc2 Rd5 27. Bf1 O-O
28. b4 bxa4 29. bxc5 Bb5 30. c6 Rc8 31. c7 Rd7 32. Qc5 Qxc5 33. Rxc5 Rdxc7 34.
Rxc7 Rxc7 35. Rb4 Kf8 36. Kg1 Rc2 37. Rb1 a3 38. Rd1 a2 39. d4 Bxf1 40. Kxf1
Rb2 0-1

[Event "Lansing (MOR/3/21)"]
[Site "?"]
[Date "1996.??.??"]
[Round "?"]
[White "Williams, Claude"]
[Black "Dunlap, Robert"]
[Result "0-1"]
[WhiteElo "1605"]
[BlackElo "1675"]
[PlyCount "68"]
[EventDate "1996.??.??"]

{3/(21)} 1. e4 c5 2. c3 e5 3. g3 Nc6 4. Bg2 Be7 5. d3 d6 6. Be3 f5 7. Nd2 Nf6
8. h3 Be6 9. f4 d5 10. exd5 Bxd5 11. Ngf3 Qc7 12. c4 Bxf3 13. Nxf3 e4 14. dxe4
Nxe4 15. O-O Nxg3 16. Rf2 Rd8 17. Qe1 Ne4 18. Re2 O-O 19. Ng5 Nxg5 20. fxg5 Nd4
21. Bxd4 Bxg5 22. Be5 Qb6 23. Qc3 Qg6 24. Bd5+ Kh8 25. Rg2 Rxd5 26. cxd5 f4 27.
h4 Rf5 28. Bxg7+ Kg8 29. Rxg5 Rxg5+ 30. hxg5 Qxg5+ 31. Kf2 Qh4+ 32. Ke2 Qh2+
33. Kd3 f3 34. Rf1 Qe2# 0-1

[Event "Lansing (MOR/5/38)"]
[Site "?"]
[Date "1996.??.??"]
[Round "?"]
[White "Williams, Claude"]
[Black "Castleberry, L."]
[Result "1-0"]
[WhiteElo "1605"]
[BlackElo "1605"]
[PlyCount "109"]
[EventDate "1996.??.??"]

{5/(38)} 1. e4 e5 2. Nf3 Nc6 3. d4 exd4 4. Nxd4 Bc5 5. Nxc6 bxc6 6. c4 d6 7.
Bd3 Nf6 8. h3 O-O 9. O-O Re8 10. Bf4 Be6 11. Nd2 a6 12. Qf3 Rb8 13. b3 Bb4 14.
Rac1 a5 15. Rfe1 Bc5 16. e5 Nd7 17. Qg3 f6 18. Bh6 Qe7 19. exf6 Nxf6 20. Rxe6
Qf7 21. Rxe8+ Rxe8 22. Be3 Nh5 23. Qf3 Qxf3 24. Nxf3 Bxe3 25. Re1 Bxf2+ 26.
Kxf2 Rf8 27. Re7 Nf4 28. Be4 d5 29. Bc2 d4 30. Rd7 c5 31. Kg3 Nh5+ 32. Kf2 Nf4
33. h4 h6 34. g3 Ne6 35. Ke2 Re8 36. Kd1 Rf8 37. Be4 Rd8 38. Rxd8+ Nxd8 39. Ne5
Kf8 40. Nd7+ Ke7 41. Nxc5 Kd6 42. Nd3 c5 43. Ke2 Nc6 44. Bxc6 Kxc6 45. Kf3 Kd6
46. Kf4 Kc6 47. Ke5 Kb6 48. Kd6 g6 49. g4 a4 50. bxa4 Ka5 51. Nxc5 Kb4 52. Kd5
d3 53. Nxd3+ Kxa4 54. c5 Kb5 55. Kd6 1-0

[Event "Eastpointe (EDO/3/20)"]
[Site "?"]
[Date "1996.??.??"]
[Round "?"]
[White "White, A."]
[Black "Scott, B."]
[Result "0-1"]
[WhiteElo "1605"]
[BlackElo "1605"]
[PlyCount "70"]
[EventDate "1996.??.??"]

{3/(20)} 1. e4 c5 2. Nf3 d6 3. d4 cxd4 4. Nxd4 Nf6 5. Nc3 g6 6. Be3 Bg7 7. f3
O-O 8. Bc4 Nc6 9. Qd2 Nxd4 10. Bxd4 Bd7 11. Bb3 e6 12. O-O-O a5 13. Bxf6 Qxf6
14. Qxd6 Bc6 15. Qd2 b5 16. Qd4 Qg5+ 17. Qd2 Qf6 18. Rhe1 b4 19. e5 bxc3 20.
Qxc3 Qg5+ 21. Kb1 Rfc8 22. h4 Qxg2 23. Qd3 Qxf3 24. Rf1 Qxd3 25. cxd3 a4 26.
Bc2 a3 27. b3 Rcb8 28. h5 Ra5 29. hxg6 hxg6 30. d4 Rd8 31. Bd3 Rad5 32. Be4
Rxd4 33. Rxd4 Rxd4 34. Bxc6 Rd2 35. Re1 Rb2+ 0-1

[Event "Eastpointe (EDO/2/24)"]
[Site "?"]
[Date "1996.??.??"]
[Round "?"]
[White "White, A."]
[Black "Kinney, G."]
[Result "0-1"]
[WhiteElo "1605"]
[BlackElo "1605"]
[PlyCount "108"]
[EventDate "1996.??.??"]

{2/(24)} 1. e4 c5 2. Nf3 Nc6 3. d4 cxd4 4. Nxd4 g6 5. Be3 Bg7 6. Nc3 Nf6 7. f3
d6 8. Bc4 Qc7 9. Bb3 Bd7 10. Qd2 a6 11. O-O-O O-O-O 12. g4 Kb8 13. g5 Ne8 14.
Bxf7 Nxd4 15. Bxd4 Bxd4 16. Qxd4 Rf8 17. Nd5 Qa5 18. Nxe7 Rxf7 19. Qd5 Qxd5 20.
Nxd5 Rxf3 21. Rhf1 Rxf1 22. Rxf1 Nc7 23. Nc3 Bc6 24. Rf7 Ne6 25. Rxh7 Nxg5 26.
Rg7 Nxe4 27. Rxg6 Rc8 28. h4 Nxc3 29. bxc3 Be4 30. Re6 Bd5 31. Rxd6 Bxa2 32. h5
Bg8 33. h6 Kc7 34. Rg6 Rd8 35. Rg7+ Kc6 36. Kb2 a5 37. c4 Bxc4 38. h7 Rh8 39.
Rg6+ Kc5 40. Rh6 b5 41. c3 Bd3 42. Rh5+ Kd6 43. Kb3 Rxh7 44. Rxh7 Bxh7 45. c4
Bg8 46. Kc3 Bxc4 47. Kb2 Kd5 48. Kc2 Kd4 49. Kb2 Kd3 50. Ka1 b4 51. Kb2 b3 52.
Kb1 Kc3 53. Ka1 b2+ 54. Kb1 Bd3+ 0-1

[Event "Jackson (Prison m)"]
[Site "?"]
[Date "1996.??.??"]
[Round "?"]
[White "White"]
[Black "Thomas, Henry"]
[Result "0-1"]
[WhiteElo "1605"]
[BlackElo "1800"]
[PlyCount "72"]
[EventDate "1996.??.??"]

{10/5} 1. e4 e5 2. d3 Nf6 3. Bg5 Be7 4. Nc3 O-O 5. Qd2 Nc6 6. f4 d6 7. O-O-O
Nd4 8. Nf3 c5 9. Nxd4 cxd4 10. Ne2 Bd7 11. h4 Rc8 12. h5 h6 13. Bh4 Nxe4 14.
dxe4 Bxh4 15. g3 Be7 16. Bh3 Bxh3 17. Rxh3 Rc6 18. Kb1 Qd7 19. g4 Rfc8 20. g5
Qxh3 21. gxh6 Qxh5 22. Ng3 Qf3 23. Rg1 Rxc2 24. h7+ Kh8 25. Qb4 Qxg3 26. Rd1
Qxf4 27. Qe1 Bg5 28. a3 Rc1+ 29. Ka2 Rxd1 30. Qxd1 Rc1 31. Qa4 Qxe4 32. Qe8+
Kxh7 33. Qxf7 Rh1 34. a4 Qb1+ 35. Ka3 Rh3+ 36. b3 Bd2 0-1

[Event "Lansing (MOR/1a/19)"]
[Site "?"]
[Date "1996.??.??"]
[Round "?"]
[White "Westberg, A."]
[Black "Zydeck, B."]
[Result "1-0"]
[WhiteElo "1605"]
[BlackElo "1605"]
[PlyCount "61"]
[EventDate "1996.??.??"]

1. e4 d5 2. exd5 Qxd5 3. Nc3 Qa5 4. Nf3 Nc6 5. d4 e5 6. d5 Bb4 7. Bd2 Nd4 8.
Nxe5 Nf6 9. a3 Bd6 10. Ne4 Qxd5 11. Nxf6+ gxf6 12. Nc4 Bf5 13. Nxd6+ Qxd6 14.
Rc1 Qc6 15. c3 Ne6 16. Be2 Qxg2 17. Bf3 Qh3 18. Bxb7 Rb8 19. Qa4+ Ke7 20. Qxa7
Bg4 21. c4 f5 22. Bb4+ Kf6 23. Bd5 Bf3 24. Bxf3 Qxf3 25. Bc3+ Kg5 26. Rg1+ Kf4
27. Qe3+ Qxe3+ 28. fxe3+ Kxe3 29. Bxh8 Rxh8 30. Rd1 Ng5 31. Rxg5 1-0

[Event "Lansing (MOR/3/26)"]
[Site "?"]
[Date "1996.??.??"]
[Round "?"]
[White "Westberg, A."]
[Black "Paul, Dennis"]
[Result "1-0"]
[WhiteElo "1605"]
[BlackElo "1605"]
[PlyCount "105"]
[EventDate "1996.??.??"]

{3/(26)} 1. e4 e6 2. d4 c5 3. Nf3 cxd4 4. Nxd4 Nf6 5. Nc3 Nc6 6. Be3 Bb4 7. Qd2
Nxe4 8. Nxc6 Nxd2 9. Nxd8 Nxf1 10. Rxf1 O-O 11. Nxe6 dxe6 12. Bd4 b6 13. O-O-O
Bb7 14. f3 Rac8 15. a3 Bc5 16. Rfe1 Rfe8 17. Bxc5 Rxc5 18. Rd7 Bc6 19. Rxa7 g5
20. Ne4 Bxe4 21. Rxe4 b5 22. Rd7 e5 23. b4 Rc3 24. Kb2 Rec8 25. Re2 Kg7 26. Rd5
Kf6 27. Rdxe5 Kg6 28. Rxb5 R3c4 29. Rc5 R4xc5 30. bxc5 Rxc5 31. Kb3 h5 32. g4
hxg4 33. fxg4 f5 34. h3 f4 35. Rf2 Re5 36. Kc4 Re3 37. a4 Rxh3 38. a5 Rg3 39.
a6 Rxg4 40. a7 f3+ 41. Kb5 Rf4 42. a8=Q g4 43. Qe8+ Kg5 44. Rh2 Rf5+ 45. Kc4 f2
46. Qh5+ Kf6 47. Qh6+ Ke5 48. Qe3+ Kf6 49. Rxf2 Rxf2 50. Qxf2+ Kg5 51. Qg3 Kf5
52. Kd5 Kg5 53. c4 1-0

[Event "Lansing (MOR/5/29)"]
[Site "?"]
[Date "1996.??.??"]
[Round "?"]
[White "Westberg, A."]
[Black "Montgomery, D."]
[Result "0-1"]
[WhiteElo "1605"]
[BlackElo "1605"]
[PlyCount "52"]
[EventDate "1996.??.??"]

{5/(29)} 1. e4 c5 2. Nf3 d6 3. Nc3 Nf6 4. Bc4 e6 5. O-O Nc6 6. d4 cxd4 7. Nxd4
a6 8. Nf3 Be7 9. Bf4 b5 10. Be2 b4 11. Na4 Nxe4 12. Re1 Bb7 13. b3 O-O 14. Bxa6
Nxf2 15. Kxf2 Bxa6 16. Be3 Bf6 17. Rc1 Bb5 18. Nb2 Bxb2 19. Rb1 Rxa2 20. Bd4
Nxd4 21. Nxd4 Qf6+ 22. Nf3 e5 23. Qd5 Bd4+ 24. Kg3 Qf4+ 25. Kh3 Bd7+ 26. g4
Qxg4# 0-1

[Event "Detroit (WCO/1/10)"]
[Site "?"]
[Date "1996.??.??"]
[Round "?"]
[White "West, Tony"]
[Black "Yancey, Seleana"]
[Result "1-0"]
[WhiteElo "1625"]
[BlackElo "1605"]
[PlyCount "57"]
[EventDate "1996.??.??"]

{1/(10)} 1. e4 e5 2. Nf3 Nc6 3. Bc4 Nf6 4. Nc3 d6 5. O-O Be7 6. d3 O-O 7. h3
Nd4 8. Nxd4 exd4 9. Nd5 Be6 10. Nxe7+ Qxe7 11. Bxe6 Qxe6 12. f4 Qd7 13. f5 d5
14. Bg5 Ne8 15. e5 h6 16. Bh4 f6 17. e6 Qe7 18. Qg4 Nd6 19. Qxd4 c6 20. Bg3 Nb5
21. Qg4 Qc5+ 22. Kh1 Qxc2 23. a4 Nc3 24. bxc3 Qxc3 25. Bf4 Kh7 26. Qg6+ Kg8 27.
Bxh6 Rf7 28. Qxf7+ Kh8 29. Qxg7# 1-0

[Event "Detroit (MI Action/3/1)"]
[Site "?"]
[Date "1996.??.??"]
[Round "?"]
[White "West, Tony"]
[Black "Thompson, Dexter"]
[Result "0-1"]
[WhiteElo "1635"]
[BlackElo "2305"]
[PlyCount "62"]
[EventDate "1996.??.??"]

{3/(1)} 1. e4 e5 2. Nf3 Nc6 3. Bc4 Nf6 4. Ng5 d5 5. exd5 Na5 6. Bb5+ c6 7. dxc6
bxc6 8. Be2 h6 9. Nf3 e4 10. Ne5 Qd4 11. f4 Bc5 12. Rf1 Qd8 13. c3 Nd5 14. d4
exd3 15. Qxd3 Qh4+ 16. Qg3 Qxg3+ 17. hxg3 O-O 18. b4 Be3 19. Bxe3 Nxe3 20. bxa5
Nc2+ 21. Kd2 Nxa1 22. Nxc6 Bb7 23. Ne7+ Kh8 24. Bf3 Rad8+ 25. Kc1 Bxf3 26. Rxf3
Rfe8 27. Nc6 Rd6 28. Ne5 Kg8 29. Kb2 Rd1 30. Kxa1 Rb8 31. Nd7 Rdxb1# 0-1

[Event "Detroit (WCO/3/1)"]
[Site "?"]
[Date "1996.??.??"]
[Round "?"]
[White "West, Tony"]
[Black "Thompson, Dexter"]
[Result "0-1"]
[WhiteElo "1625"]
[BlackElo "2325"]
[PlyCount "50"]
[EventDate "1996.??.??"]

{3/(1)} 1. e4 e5 2. Nf3 Nc6 3. Bc4 Nf6 4. Ng5 d5 5. exd5 Na5 6. Bb5+ c6 7. dxc6
bxc6 8. Be2 h6 9. Nf3 e4 10. Ne5 Qd4 11. f4 Bc5 12. Rf1 Qd8 13. c3 Nd5 14. b4
Qh4+ 15. g3 Qxh2 16. bxc5 Qxg3+ 17. Rf2 Nxf4 18. Bf1 f6 19. Nxc6 Nxc6 20. Qa4
O-O 21. Qxc6 Nd3+ 22. Bxd3 exd3 23. Qd5+ Kh8 24. Kf1 Bh3+ 25. Rg2 Rae8 0-1

[Event "Detroit (WCO/5/8)"]
[Site "?"]
[Date "1996.??.??"]
[Round "?"]
[White "West, Tony"]
[Black "Sobh, S."]
[Result "1-0"]
[WhiteElo "1625"]
[BlackElo "1605"]
[PlyCount "57"]
[EventDate "1996.??.??"]

{5/(8)} 1. e4 e5 2. Nf3 Nc6 3. Bc4 Nf6 4. Ng5 d5 5. exd5 Nxd5 6. d3 Be6 7. Nxe6
fxe6 8. O-O Bd6 9. Bd2 Qf6 10. Nc3 Nb6 11. Bb3 O-O-O 12. Ne4 Qg6 13. Nxd6+ Rxd6
14. a4 a5 15. Qe1 Nd4 16. Kh1 Nxb3 17. cxb3 Rxd3 18. Rc1 Rxb3 19. Bxa5 e4 20.
Bxb6 Rxb6 21. Qa5 Kb8 22. Qe5 Rc8 23. a5 Ra6 24. b4 b6 25. Rc6 Kb7 26. Rxe6 Qg4
27. Qd5+ Ka7 28. axb6+ cxb6 29. Re7+ 1-0

[Event "Detroit (MI Action/5/9)"]
[Site "?"]
[Date "1996.??.??"]
[Round "?"]
[White "West, Tony"]
[Black "Gentry, Loyd"]
[Result "0-1"]
[WhiteElo "1635"]
[BlackElo "1620"]
[PlyCount "52"]
[EventDate "1996.??.??"]

{5/(9)} 1. e4 c5 2. Nf3 Nc6 3. d4 cxd4 4. Nxd4 Nf6 5. Nc3 e6 6. Bc4 Bb4 7. Nxc6
bxc6 8. Qe2 d5 9. exd5 Nxd5 10. Bd2 O-O 11. Nxd5 Bxd2+ 12. Qxd2 cxd5 13. Bd3
Qf6 14. c3 e5 15. O-O e4 16. Be2 Be6 17. f3 Qg6 18. fxe4 dxe4 19. Qe3 Rab8 20.
b3 Rfd8 21. c4 a5 22. Rf4 a4 23. Rxe4 axb3 24. axb3 Rxb3 25. Qxb3 Qxe4 26. Qf3
Qd4+ 0-1

[Event "Detroit (MI Action/1/8)"]
[Site "?"]
[Date "1996.??.??"]
[Round "?"]
[White "West, Tony"]
[Black "Berry, DeMarcus"]
[Result "1-0"]
[WhiteElo "1635"]
[BlackElo "1605"]
[PlyCount "85"]
[EventDate "1996.??.??"]

{1/(8)} 1. e4 c5 2. Nf3 d6 3. d4 cxd4 4. Nxd4 Nf6 5. Nc3 g6 6. Be3 Bg7 7. f3
Bd7 8. Bc4 Nc6 9. Bb3 O-O 10. Qd2 Rc8 11. O-O-O a5 12. h4 Ne5 13. g4 Nc4 14.
Bxc4 Rxc4 15. h5 e5 16. Nde2 Re8 17. hxg6 fxg6 18. g5 Nh5 19. Qxd6 Re7 20. Qd5+
Kh8 21. Qxc4 Qf8 22. Bc5 Qc8 23. Qd5 Be6 24. Qd8+ Re8 25. Qxc8 Rxc8 26. Bb6 a4
27. Rd8+ Rxd8 28. Bxd8 a3 29. b3 h6 30. Be7 Kg8 31. gxh6 Bxh6+ 32. Kb1 Bd2 33.
Bxa3 Bd7 34. Rd1 Bxc3 35. Nxc3 Bh3 36. Rd8+ Kf7 37. Nd5 Ng3 38. c4 Ne2 39. Bd6
Ke6 40. c5 g5 41. Re8+ Kd7 42. Re7+ Kd8 43. Nf6 1-0

[Event "Ann Arbor (Mini-Swiss/2/12)"]
[Site "?"]
[Date "1996.??.??"]
[Round "?"]
[White "Wensink, E."]
[Black "Tack, K."]
[Result "0-1"]
[WhiteElo "1605"]
[BlackElo "1605"]
[PlyCount "118"]
[EventDate "1996.??.??"]

{2/(12)} 1. d4 Nf6 2. Nf3 e6 3. e3 b6 4. c4 Bb7 5. Nc3 g6 6. Bd3 Bg7 7. Be2 O-O
8. O-O d6 9. Nd2 Nbd7 10. Bf3 Qc8 11. Bxb7 Qxb7 12. Qf3 Qxf3 13. Nxf3 c5 14. d5
exd5 15. Nxd5 Nxd5 16. cxd5 Rfe8 17. Rb1 f5 18. b3 Nf6 19. Bb2 Nxd5 20. Bxg7
Kxg7 21. Rbd1 Nc3 22. Rxd6 Rad8 23. Rxd8 Rxd8 24. a3 Kf6 25. g3 g5 26. Kg2 g4
27. Ng1 Rd2 28. h3 h5 29. Re1 Ne4 30. Re2 Rd1 31. hxg4 hxg4 32. Rb2 Ng5 33. a4
Ke5 34. f4+ gxf3+ 35. Nxf3+ Nxf3 36. Kxf3 Rf1+ 37. Ke2 Rh1 38. Rd2 Ke4 39. Rd7
Rh2+ 40. Kf1 Kxe3 41. Rxa7 Kf3 42. Kg1 Rb2 43. Rf7 Kxg3 44. Kf1 f4 45. Rf6 Kf3
46. Ke1 Rxb3 47. Rh6 Ke3 48. Rh3+ f3 49. Kd1 c4 50. Rh8 f2 51. Re8+ Kd3 52.
Rd8+ Kc3 53. Ke2 Rb2+ 54. Kf1 Kb4 55. Rd1 Kxa4 56. Ra1+ Kb3 57. Rd1 c3 58. Kg2
c2 59. Rd3+ Kc4 0-1

[Event "Eastpointe (EDO/4/15)"]
[Site "?"]
[Date "1996.??.??"]
[Round "?"]
[White "Wensink, E."]
[Black "Nikitin, Mike"]
[Result "0-1"]
[WhiteElo "1605"]
[BlackElo "1605"]
[PlyCount "134"]
[EventDate "1996.??.??"]

{4/(15)} 1. d4 Nf6 2. Nf3 e6 3. e3 c5 4. c3 b6 5. Be2 Bb7 6. Nbd2 d5 7. b3 Nc6
8. Bb2 Rg8 9. Bb5 Qc7 10. Bxc6+ Bxc6 11. Ne5 Bb7 12. O-O O-O-O 13. a3 Bd6 14.
Ndf3 h6 15. b4 c4 16. a4 Ne4 17. b5 g5 18. Ba3 Nxc3 19. Bxd6 Rxd6 20. Qc2 Ne4
21. Nd2 g4 22. Nxe4 dxe4 23. Nxc4 Rdd8 24. g3 Kb8 25. Rfc1 Rc8 26. Ra3 f6 27.
Rc3 Qd7 28. Nd2 Rxc3 29. Qxc3 Rc8 30. Qa3 Rxc1+ 31. Qxc1 Qd6 32. Qb2 Bd5 33.
Nb1 Bc4 34. Nd2 Bd3 35. Qc3 Kb7 36. a5 f5 37. axb6 axb6 38. Qb3 Qd5 39. Qb4
Bxb5 40. Qe7+ Qd7 41. Qxd7+ Bxd7 42. Kf1 Bb5+ 43. Ke1 Kc6 44. Kd1 Bd3 45. Kc1
Kb5 46. Kb2 Kb4 47. Nb3 h5 48. Nd2 Be2 49. Nb1 Bc4 50. Nc3 b5 51. Nb1 Bb3 52.
Nd2 Ba4 53. Nb1 Kc4 54. Nc3 Kd3 55. d5 exd5 56. Nxd5 b4 57. Nf4+ Kd2 58. Nxh5
Ke2 59. Ng7 Bd7 60. Kb3 Kxf2 61. Nh5 Kxe3 62. Kxb4 Kd2 63. Nf4 e3 64. h4 gxh3
65. Nxh3 e2 66. Ng1 e1=Q 67. Nf3+ Ke2+ 0-1

[Event "Eastpointe (EDO/2/25)"]
[Site "?"]
[Date "1996.??.??"]
[Round "?"]
[White "Wensink, E."]
[Black "McNair, P."]
[Result "1-0"]
[WhiteElo "1605"]
[BlackElo "1605"]
[PlyCount "43"]
[EventDate "1996.??.??"]

{2/(25)} 1. e4 e5 2. Nf3 Nc6 3. Bc4 Nf6 4. Nc3 Bc5 5. O-O O-O 6. a3 Bd4 7. d3
a6 8. Bd2 Re8 9. Bg5 b5 10. Ba2 h6 11. Bh4 g5 12. Nxg5 hxg5 13. Bxg5 b4 14. Qf3
Kg7 15. Nd5 Kg6 16. Qf5+ Kg7 17. Bxf6+ Qxf6 18. Qxf6+ Kh7 19. Qf5+ Kg7 20. Nf6
Rh8 21. Nh5+ Kf8 22. Qxf7# 1-0

[Event "Ann Arbor (Mini-Swiss/1/8)"]
[Site "?"]
[Date "1996.??.??"]
[Round "?"]
[White "Wensink, E."]
[Black "Foord, Allan"]
[Result "0-1"]
[WhiteElo "1605"]
[BlackElo "1605"]
[PlyCount "86"]
[EventDate "1996.??.??"]

{1/(8)} 1. d4 Nf6 2. Nf3 g6 3. Nc3 Bg7 4. e3 d5 5. Bd3 O-O 6. O-O Nc6 7. b3 Bg4
8. Be2 Re8 9. Bb2 e5 10. dxe5 Nxe5 11. Nxe5 Bxe2 12. Nxe2 Ne4 13. Nxf7 Kxf7 14.
Bxg7 Kxg7 15. Qd4+ Nf6 16. Nf4 Re4 17. Qc3 d4 18. Qd3 dxe3 19. Qxe4 exf2+ 20.
Rxf2 Nxe4 21. Ne6+ Kg8 22. Nxd8 Nxf2 23. Nxb7 Ne4 24. Re1 Nc3 25. Re7 Nxa2 26.
Rxc7 a5 27. Kf2 a4 28. bxa4 Rxa4 29. c4 Nc3 30. c5 Rc4 31. c6 Nd5 32. Rc8+ Kg7
33. Nd8 Kf6 34. Nb7 Ne7 35. Na5 Rc2+ 36. Ke3 Nxc8 37. Ke4 Rc5 38. Nb3 Rxc6 39.
g3 Rc2 40. h4 Rc3 41. Nd2 Rxg3 42. Kd4 Rg4+ 43. Ne4+ Kf5 0-1

[Event "Kalamazoo (MI Am/2/3)"]
[Site "?"]
[Date "1996.??.??"]
[Round "?"]
[White "Welch, Joseph"]
[Black "Vandivier, Don"]
[Result "0-1"]
[WhiteElo "1670"]
[BlackElo "1905"]
[PlyCount "44"]
[EventDate "1996.??.??"]

{2/(3)} 1. Nf3 c5 2. g3 Nc6 3. Bg2 g6 4. c4 Bg7 5. Nc3 d6 6. O-O Nf6 7. e4 Bd7
8. d3 Qc8 9. Re1 Bh3 10. e5 dxe5 11. Nxe5 h5 12. Bxc6+ bxc6 13. Qa4 Bd7 14. Bg5
O-O 15. Nf3 Rb8 16. Rab1 Bf5 17. Ne5 Bh3 18. Nxc6 Qg4 19. Nxe7+ Kh8 20. f4 Qf3
21. Qc6 Ne4 22. Qxe4 Bd4+ 0-1

[Event "Ann Arbor (Mini-Swiss/1)"]
[Site "?"]
[Date "1996.??.??"]
[Round "?"]
[White "Welch, Joseph"]
[Black "Gaiefsky, Mike"]
[Result "0-1"]
[WhiteElo "1625"]
[BlackElo "1845"]
[PlyCount "119"]
[EventDate "1996.??.??"]

1. e4 c5 2. Nf3 Nc6 3. d4 cxd4 4. Nxd4 g6 5. c4 Bg7 6. Be3 d6 7. Nc3 Nf6 8. Be2
O-O 9. O-O Bd7 10. Qd2 Ne5 11. f3 Rc8 12. b3 a6 13. Rac1 Re8 14. Rfd1 Qa5 15.
Qb2 Nc6 16. Qd2 h5 17. Kh1 Kh7 18. Qe1 Rh8 19. Nxc6 bxc6 20. Na4 Qxe1+ 21. Rxe1
c5 22. Nc3 Be6 23. Red1 h4 24. Bg5 Kg8 25. Nd5 Bxd5 26. cxd5 Ra8 27. Rc4 Kf8
28. Ra4 a5 29. Bb5 Bh6 30. Bxf6 exf6 31. Bc6 Ra7 32. Rd3 Bf4 33. h3 Rh5 34. a3
Re5 35. Kg1 Ree7 36. Rc4 f5 37. Kf1 Bg3 38. Re3 Re5 39. Re2 Rae7 40. Ra4 Kg7
41. Rc4 Kf6 42. b4 cxb4 43. axb4 axb4 44. Rxb4 fxe4 45. Rexe4 Rxe4 46. fxe4 Ra7
47. Ke2 Ra2+ 48. Kf3 Rf2+ 49. Kg4 Rxg2 50. Kf3 Rf2+ 51. Ke3 Ra2 52. Rb7 Ra3+
53. Ke2 Be5 54. Be8 Rxh3 55. Rxf7+ Kg5 56. Rf1 Rc3 57. Rf7 Kh6 58. Rf1 h3 59.
Rh1 g5 60. Bd7 0-1

[Event "Ann Arbor (Mini-Swiss/1/8)"]
[Site "?"]
[Date "1996.??.??"]
[Round "?"]
[White "Welch, Joseph"]
[Black "Carr, James"]
[Result "1-0"]
[WhiteElo "1665"]
[BlackElo "1605"]
[PlyCount "117"]
[EventDate "1996.??.??"]

{1/(8)} 1. Nf3 d5 2. c4 Nf6 3. cxd5 Nxd5 4. Nc3 e6 5. a3 c5 6. g3 b6 7. e4 Nxc3
8. bxc3 Bb7 9. Bb5+ Nd7 10. Ne5 Bc8 11. Bc6 Rb8 12. Qg4 a6 13. d4 b5 14. Bxd7+
Bxd7 15. Qd1 c4 16. O-O Be7 17. Qg4 Bf6 18. f4 O-O 19. Nxd7 Qxd7 20. e5 Be7 21.
f5 exf5 22. Qxf5 Qxf5 23. Rxf5 Rbd8 24. Bb2 g6 25. Rf3 Rd5 26. Rb1 Re8 27. Rbf1
Rf8 28. Bc1 Kg7 29. g4 h6 30. Kf2 Re8 31. Kg3 Rf8 32. Kf4 Rd7 33. Ke4 Bd8 34.
d5 Re8 35. Be3 Kg8 36. Bc5 Bc7 37. Bd4 Rde7 38. Rh3 Bxe5 39. Bxe5 Rxe5+ 40. Kd4
h5 41. gxh5 Rxh5 42. Rxh5 gxh5 43. Rf5 Re2 44. Rxh5 Ra2 45. d6 f6 46. Kc5 Kf7
47. Rh7+ Ke6 48. Re7+ Kf5 49. h4 Kg4 50. Re4+ Kh5 51. Rd4 Rg2 52. d7 Rg8 53.
Kb6 f5 54. Kxa6 Rd8 55. Kxb5 f4 56. Kc6 Kxh4 57. Rxf4+ Kg5 58. Rxc4 Kf6 59. Kd6
1-0

[Event "Kalamazoo (MI Am/4/20)"]
[Site "?"]
[Date "1996.??.??"]
[Round "?"]
[White "Welch, Joseph"]
[Black "Carpenter, O."]
[Result "1-0"]
[WhiteElo "1670"]
[BlackElo "1605"]
[PlyCount "58"]
[EventDate "1996.??.??"]

{4/(20)} 1. e4 c5 2. Nf3 d6 3. d4 cxd4 4. Nxd4 Nf6 5. Nc3 g6 6. Bc4 Bg7 7. O-O
O-O 8. Bb3 Bg4 9. f3 Bd7 10. Be3 Nc6 11. Nce2 Qa5 12. c3 Rfc8 13. Bc2 Ne5 14.
Nb3 Qd8 15. Nd2 Bb5 16. a4 Bd7 17. b4 Nc4 18. Nxc4 Rxc4 19. Bb3 Rcc8 20. Rc1 b5
21. a5 Rc7 22. Qd2 Qc8 23. Rc2 Be6 24. Bxe6 Qxe6 25. Nd4 Qd7 26. Rfc1 Rc4 27.
Qf2 Ne8 28. g4 Nc7 29. Qh4 d5 $138 1-0

[Event "Detroit (Class DE/5/14)"]
[Site "?"]
[Date "1996.??.??"]
[Round "?"]
[White "Ware, C."]
[Black "Parker, Dean"]
[Result "0-1"]
[WhiteElo "1605"]
[BlackElo "1605"]
[PlyCount "65"]
[EventDate "1996.??.??"]

{5/(14)} 1. d4 e6 2. e4 Be7 3. Nf3 Nf6 4. Be2 Nxe4 5. O-O b6 6. c4 Bb7 7. h3
Bg5 8. Be3 O-O 9. b4 Bxe3 10. fxe3 Ng5 11. Nbd2 Ne4 12. Qc2 Nxd2 13. Nxd2 Qg5
14. e4 Qe3+ 15. Rf2 Qxd4 16. Rd1 Qe3 17. a4 Nc6 18. Nf1 Qg5 19. Qc3 d6 20. c5
bxc5 21. bxc5 Qxc5 22. Qb2 Rab8 23. Qa1 Ne5 24. Rc1 Qa5 25. Rc3 Bxe4 26. Ng3
Rb1+ 27. Qxb1 Bxb1 28. Rc1 Bd3 29. Bd1 Bg6 30. h4 Nd3 31. Rfc2 Nxc1 32. Rxc1
Qe1+ 33. Kh2 0-1